Macau Trivia - Statistics

General Stats
  • This quiz has been taken 425 times
  • The average score is 11 of 20
Answer Stats
Hint Answer % Correct
Until it leased it to this country Portugal
95%
Nearby former British colony Hong Kong
93%
Most common Chinese dialect Cantonese
86%
Invader of 1943 Japan
83%
Sea Macau oversees {South} {China} Sea
79%
And then it was given back in this year 1999
77%
Chinese dynasty that was the last to rule over Macau {Ming} dynasty
76%
Macau is the world's capital of this type of "gaming" Gambling
66%
Nickname {Las} {Vegas} of Asia
63%
Flower on the flag Lotus
62%
Another pronunciation for "Macau" Macao
62%
River delta Macau sits on {Pearl} Delta
62%
Term for someone from Macau Macanese
36%
Official currency Pataca
35%
Chinese city west of Macau Zhuhai
29%
Two main islands Taipa
27%
Two main islands Coloane
21%
Second-largest ethnic group Filipinos
20%
Temple from which Macau's name came accidentally {A-Ma} Temple
17%
In this year 1557
15%
No matching quizzes found
Score Distribution
Percent of People with Each Score
Percentile by Number Answered
Your Score History
You have not taken this quiz